=LDR 00000nam 2200000 4500 =001 INLIS000000000012892 =005 20200217082400 =035 ##$$a 0010-061300000012892 =008 200217################g##########0#ind## =041 ##$$a Ind =082 ##$$a 174.4 =090 ##$$a 74.4, Goo e =100 ##$$a Goodfellow, Rob =245 1#$$a Etika bisnis Indonesia /$c Rob Goodfellow =260 ##$$a Yogyakarta :$b Tajidu Press,$c 2002 =300 ##$$a xxxiv, 248 hlm. ; $c 13x20 cm. =650 #4$$a Etika Bisnis =850 ##$$a NBPNMAT =020 ##$$a 979-3189-01-3 =084 ##$$a 174.4 GOO e =504 ##$$a Indeks : hlm. 231 - 248 =990 ##$$a 10401116 =990 ##$$a 10401114